Социальные ожидания в управленческой деятельности; Актуальные проблемы гуманитарных наук

Detalles Bibliográficos
Parent link:Актуальные проблемы гуманитарных наук.— 2005.— С. 177-178
Autor Principal: Лукьянова Н. А. Наталия Александровна
Idioma:ruso
Publicado: 2005
Subjects:
Formato: Capítulo de libro
KOHA link:https://koha.lib.tpu.ru/cgi-bin/koha/opac-detail.pl?biblionumber=139303

MARC

LEADER 00000naa2a2200000 4500
001 139303
005 20240117141218.0
035 |a (RuTPU)RU\TPU\book\150910 
090 |a 139303 
100 |a 20080605d2005 k y0rusy50 ca 
101 0 |a rus 
102 |a RU 
200 1 |a Социальные ожидания в управленческой деятельности  |f Н. А. Лукьянова 
320 |a Библиогр.: 4 назв. 
463 0 |0 (RuTPU)RU\TPU\book\118298  |t Актуальные проблемы гуманитарных наук  |o труды IV международной научно-практической конференции студентов, аспирантов и молодых ученых, 20-21 апреля 2005, Томск  |f Томский политехнический университет  |v С. 177-178  |d 2005  |p 458 с. 
610 1 |a управление 
610 1 |a социальные ожидания 
610 1 |a управленческая деятельность 
610 1 |a персонал 
610 1 |a руководители 
610 1 |a труды учёных ТПУ 
700 1 |a Лукьянова  |b Н. А.  |c специалист в области психологии и права  |c профессор Томского политехнического университета, доктор философских наук  |f 1971-  |g Наталия Александровна  |3 (RuTPU)RU\TPU\pers\25996  |9 11845 
801 1 |a RU  |b 63413507  |c 20080605  |g PSBO 
801 2 |a RU  |b 63413507  |c 20160406  |g RCR 
942 |c BK